000 00990nam a22002777a 4500
003 dpl
005 20170123162301.0
008 161215b xxu||||| |||| 00| 0 eng d
010 _aB-50702
020 _c80.00
_a8187667125
035 _aB-50702
037 _bCen Lib/Ret
040 _aDPL
_bUR
_cTIT
082 _a841.08
100 _aارسطوتلے
_9539
245 _a/ بو طیقا
_cارسطوتلے؛ ترجمہ جمیل جلیبی
246 _aBotika
_bby Aristotle
260 _a دہلی
_bایجوکیشنل پبلشنگ ہاؤس
_c2001
270 _a٣١٠٨، گلی وکیل، کچا پنڈت لال کوان
_b دہلی
_e110006
300 _a80p.
_c22cm(Hb)
650 _a اردو ادب
_v
_9140703
650 _aادبیات
_9140704
650 _aUrdu literature
_9140705
650 _aAdbeeyat
_9543
942 _2ddc
_cUR
_h841.08
_mا ر س
999 _c106019
_d106019